अर्थववेद का सुबोध अनुवाद मेधाजनन, संगठन और विजय (Record no. 388432)

MARC details
000 -LEADER
fixed length control field 00991nam a2200265Ia 4500
003 - CONTROL NUMBER IDENTIFIER
control field OSt
005 - DATE AND TIME OF LATEST TRANSACTION
control field 20220923230942.0
008 - FIXED-LENGTH DATA ELEMENTS--GENERAL INFORMATION
fixed length control field 220922b |||||||| |||| 00| 0 hin d
037 ## - SOURCE OF ACQUISITION
Terms of availability Textual
040 ## - CATALOGING SOURCE
Original cataloging agency ARTS
Transcribing agency ARTS
Language of cataloging hin
041 ## - LANGUAGE CODE
Source of code hin
Language code of text/sound track or separate title hin
100 ## - MAIN ENTRY--PERSONAL NAME
Personal name सातवलेकर, दामोदर, ले.
245 #0 - TITLE STATEMENT
Title अर्थववेद का सुबोध अनुवाद मेधाजनन, संगठन और विजय
246 ## - VARYING FORM OF TITLE
Title proper/short title Arthavaved kā subodh anuvād medhājanana, sangaṭhan aur vijaya
260 ## - PUBLICATION, DISTRIBUTION, ETC.
Place of publication, distribution, etc. बलसाड
Name of publisher, distributor, etc. बंसत श्रीपाद सातवलेकर
Date of publication, distribution, etc. 1964
300 ## - PHYSICAL DESCRIPTION
Extent 330पृ.
Dimensions cm.
490 ## - SERIES STATEMENT
Volume/sequential designation भाग 5
650 ## - SUBJECT ADDED ENTRY--TOPICAL TERM
Topical term or geographic name entry element धर्मशास्त्र
942 ## - ADDED ENTRY ELEMENTS (KOHA)
Classification part Q14:21, 15K4.5
Koha item type Textual
Source of classification or shelving scheme Colon Classification (CC)
Holdings
Withdrawn status Lost status Damaged status Not for loan Home library Current library Date acquired Serial Enumeration / chronology Total Checkouts Full call number Barcode Date last seen Price effective from Koha item type
        Arts Library Arts Library 2022-09-23 भाग 5   Q14:21 15K4.5 AL0254674 2022-09-23 2022-09-23 Textual
Copyright @ Delhi University Library System